[Event "World Chess Olympiad 2018"]
[Site "Batumi"]
[Date "2018.09.30"]
[Round "6"]
[Board "3"]
[WhiteFideId "10001034"]
[White "Lwebuga Ronald"]
[BlackFideId "21502390"]
[Black "Al Thebaiti Ahmed M"]
[Result "0-1"]
[LiveChessVersion "1.4.8"]
[BlackElo "1988"]
[WhiteElo "1819"]

1. c4 Nf6 {[%clk 1:30:36]} 2. g3 {[%clk 1:30:53]} c6 {[%clk 1:30:47]} 3. Nf3
{[%clk 1:31:10]} d5 {[%clk 1:31:10]} 4. cxd5 {[%clk 1:31:11]} cxd5
{[%clk 1:31:33]} 5. Bg2 {[%clk 1:31:21]} e6 {[%clk 1:31:11]} 6. d4
{[%clk 1:31:34]} Nc6 {[%clk 1:31:22]} 7. O-O {[%clk 1:31:35]} Bd6
{[%clk 1:31:42]} 8. Bg5 {[%clk 1:31:00]} O-O {[%clk 1:31:41]} 9. Nc3
{[%clk 1:30:52]} h6 {[%clk 1:31:13]} 10. Bxf6 {[%clk 1:30:36]} Qxf6
{[%clk 1:31:29]} 11. Nb5 {[%clk 1:30:08]} Bb8 {[%clk 1:28:46]} 12. Rc1
{[%clk 1:29:55]} a6 {[%clk 1:28:53]} 13. Na3 {[%clk 1:28:38]} Rd8
{[%clk 1:23:21]} 14. Nc2 {[%clk 1:28:31]} Bd6 {[%clk 1:16:05]} 15. Ne3
{[%clk 1:27:37]} h5 {[%clk 1:15:31]} 16. a3 {[%clk 1:26:31]} a5 {[%clk 1:15:43]}
17. Re1 {[%clk 1:25:25]} a4 {[%clk 1:12:58]} 18. Qd3 {[%clk 1:23:27]} Bd7
{[%clk 1:09:28]} 19. h4 {[%clk 1:23:39]} Na7 {[%clk 1:03:26]} 20. Ng5
{[%clk 1:21:27]} g6 {[%clk 1:02:06]} 21. Nc2 {[%clk 1:15:01]} Bb5
{[%clk 1:02:12]} 22. Qd2 {[%clk 1:15:18]} Nc6 {[%clk 0:51:50]} 23. e4
{[%clk 1:12:07]} Bc7 {[%clk 0:52:05]} 24. e5 {[%clk 1:12:01]} Qe7
{[%clk 0:51:51]} 25. Re3 {[%clk 1:02:47]} Ba5 {[%clk 0:50:55]} 26. Qd1
{[%clk 1:02:49]} Rdc8 {[%clk 0:51:00]} 27. Rf3 {[%clk 1:02:46]} Nd8
{[%clk 0:51:09]} 28. Rf6 {[%clk 1:01:19]} Qf8 {[%clk 0:42:03]} 29. Bh3
{[%clk 0:58:10]} Qg7 {[%clk 0:30:40]} 30. Ne3 {[%clk 0:53:33]} Rxc1
{[%clk 0:27:44]} 31. Qxc1 {[%clk 0:53:49]} Be8 {[%clk 0:25:05]} 32. Qd1
{[%clk 0:49:01]} Nc6 {[%clk 0:25:10]} 33. g4 {[%clk 0:44:44]} Bd8
{[%clk 0:25:01]} 34. Rf4 {[%clk 0:43:22]} Qh6 {[%clk 0:19:22]} 35. gxh5
{[%clk 0:37:08]} Qxh5 {[%clk 0:19:26]} 36. Ng4 {[%clk 0:34:29]} Bxg5
{[%clk 0:15:10]} 37. hxg5 {[%clk 0:29:58]} Qxh3 {[%clk 0:12:31]} 38. Nf6+
{[%clk 0:28:48]} Kg7 {[%clk 0:12:05]} 39. Rf3 {[%clk 0:24:23]} Qh4
{[%clk 0:12:17]} 40. Rg3 {[%clk 0:24:15]} Qxd4 {[%clk 0:41:03]} 41. Qf1
{[%clk 0:53:40]} Nxe5 {[%clk 0:37:49]} 42. Qh3 {[%clk 0:52:02]} Kf8
{[%clk 0:34:09]} 43. Rc3 {[%clk 0:51:38]} Ke7 {[%clk 0:29:18]} 44. Qh8
{[%clk 0:51:20]} Qd1+ {[%clk 0:24:36]} 45. Kg2 {[%clk 0:51:29]} d4
{[%clk 0:20:22]} 46. Ng8+ {[%clk 0:31:50]} Kd6 {[%clk 0:20:37]} 47. Rg3
{[%clk 0:29:52]} Bc6+ {[%clk 0:20:47]} 48. f3 {[%clk 0:30:01]} Bxf3+
{[%clk 0:20:21]} 0-1

[Event "Wolrd Chess Olympiad 2018"]
[Site "Batumi"]
[Date "2018.09.30"]
[Round "6"]
[Board "1"]
[WhiteFideId "31900232"]
[White "Guterres Luis"]
[BlackFideId "8800081"]
[Black "Black Richard"]
[Result "0-1"]
[LiveChessVersion "1.4.8"]
[BlackElo "2218"]
[WhiteElo "1779"]

1. e4 {[%clk 1:30:52]} d6 {[%clk 1:30:41]} 2. d4 {[%clk 1:30:59]} Nf6
{[%clk 1:31:10]} 3. Bd3 {[%clk 1:30:37]} Nc6 {[%clk 1:31:20]} 4. c3
{[%clk 1:30:40]} e5 {[%clk 1:31:41]} 5. d5 {[%clk 1:30:21]} Ne7 {[%clk 1:32:08]}
6. h3 {[%clk 1:29:50]} g6 {[%clk 1:31:59]} 7. c4 {[%clk 1:29:06]} Bg7
{[%clk 1:32:21]} 8. Nc3 {[%clk 1:29:14]} O-O {[%clk 1:32:44]} 9. Nf3
{[%clk 1:28:48]} a6 {[%clk 1:27:02]} 10. Be3 {[%clk 1:29:01]} c6 {[%clk 1:21:55]}
11. a4 {[%clk 1:28:55]} h6 {[%clk 1:17:58]} 12. Qd2 {[%clk 1:29:05]} Kh7
{[%clk 1:18:23]} 13. a5 {[%clk 1:28:36]} cxd5 {[%clk 1:10:46]} 14. cxd5
{[%clk 1:28:45]} Nd7 {[%clk 1:10:43]} 15. Na4 {[%clk 1:27:58]} f5
{[%clk 1:08:14]} 16. Nb6 {[%clk 1:25:57]} Nxb6 {[%clk 1:03:58]} 17. Bxb6
{[%clk 1:26:06]} Qe8 {[%clk 1:01:40]} 18. O-O f4 19. Rfc1 {[%clk 1:17:47]} g5
{[%clk 1:00:26]} 20. Nh2 {[%clk 1:17:23]} f3 {[%clk 0:48:44]} 21. g4
{[%clk 1:10:50]} Ng6 {[%clk 0:45:17]} 22. Rc7 {[%clk 1:10:35]} Nf4
{[%clk 0:42:28]} 23. Bf1 {[%clk 1:10:25]} Qg6 {[%clk 0:39:04]} 24. Qe3
{[%clk 1:10:09]} h5 {[%clk 0:37:27]} 25. Rac1 {[%clk 1:08:11]} hxg4
{[%clk 0:33:16]} 26. hxg4 {[%clk 1:08:01]} Qh6 {[%clk 0:31:32]} 27. Qxf3
{[%clk 1:05:59]} Kg6 {[%clk 0:23:50]} 28. Qg3 {[%clk 1:02:34]} Bf6
{[%clk 0:22:01]} 29. f3 {[%clk 1:02:01]} Bd8 {[%clk 0:20:07]} 30. R7c2
{[%clk 1:00:45]} Bxb6+ {[%clk 0:19:04]} 31. axb6 {[%clk 1:01:00]} Rh8
{[%clk 0:12:00]} 32. Rc7 {[%clk 1:00:23]} Kf6 {[%clk 0:11:40]} 33. b4
{[%clk 0:59:58]} Rb8 {[%clk 0:10:22]} 34. R1c2 {[%clk 0:59:38]} Ra8
{[%clk 0:09:55]} 35. Qf2 {[%clk 0:59:13]} Rb8 {[%clk 0:09:45]} 36. Qg3
{[%clk 0:59:26]} Ra8 {[%clk 0:09:33]} 37. Bg2 {[%clk 0:56:55]} Nd3
{[%clk 0:08:08]} 38. Nf1 {[%clk 0:55:03]} Nxb4 {[%clk 0:07:28]} 39. R2c3
{[%clk 0:54:26]} a5 {[%clk 0:07:05]} 40. Ne3 {[%clk 0:54:39]} Na6
{[%clk 0:06:10]} 41. R7c4 {[%clk 1:22:28]} Bd7 {[%clk 0:35:25]} 42. Rc1
{[%clk 1:22:36]} Qh4 {[%clk 0:32:07]} 43. Kf2 {[%clk 1:22:02]} Nc5
{[%clk 0:31:12]} 44. R4c3 {[%clk 1:21:19]} a4 {[%clk 0:29:35]} 45. Nf5
{[%clk 1:19:46]} Bxf5 {[%clk 0:29:35]} 46. exf5 {[%clk 1:19:48]} Ra6
{[%clk 0:26:37]} 47. Rb1 {[%clk 1:18:14]} a3 {[%clk 0:25:56]} 48. Qxh4
{[%clk 1:17:54]} gxh4 {[%clk 0:26:10]} 49. Bf1 {[%clk 1:16:44]} Ra5
{[%clk 0:24:25]} 50. Bc4 {[%clk 1:13:50]} Kg5 {[%clk 0:23:11]} 51. Ra1
{[%clk 1:10:58]} Rha8 {[%clk 0:22:49]} 52. Kg2 {[%clk 1:07:01]} Ra4
{[%clk 0:22:38]} 53. Ra2 {[%clk 1:00:13]} Rb4 {[%clk 0:21:26]} 54. Kh3
{[%clk 1:00:33]} Na4 {[%clk 0:16:52]} 55. Rcc2 {[%clk 0:56:23]} Nxb6
{[%clk 0:16:31]} 56. Bd3 {[%clk 0:55:42]} Nxd5 {[%clk 0:16:01]} 57. Be4
{[%clk 0:54:44]} Nf4+ {[%clk 0:16:08]} 58. Kh2 d5 59. Bxd5 {[%clk 0:54:03]} Nxd5
{[%clk 0:16:33]} 60. Kh3 {[%clk 0:49:30]} Rb3 {[%clk 0:16:12]} 61. Rf2
{[%clk 0:49:24]} Ra4 {[%clk 0:15:27]} 62. Kh2 {[%clk 0:49:12]} b5
{[%clk 0:15:19]} 63. Kg2 {[%clk 0:47:31]} Rab4 {[%clk 0:15:08]} 64. Kh2
{[%clk 0:47:04]} Rb2 {[%clk 0:15:10]} 65. Kg1 {[%clk 0:43:55]} Rxa2
{[%clk 0:15:13]} 66. Rxa2 {[%clk 0:44:12]} Rb1+ {[%clk 0:15:41]} 67. Kg2
{[%clk 0:43:30]} Rb2+ {[%clk 0:16:10]} 68. Kh3 Nf4# 0-1

[Event "Wolrd Chess Olympiad 2018"]
[Site "Batumi"]
[Date "2018.09.30"]
[Round "6"]
[Board "2"]
[WhiteFideId "8800871"]
[White "Gontcharov Serguei"]
[BlackFideId "31900097"]
[Black "Fernandes Tomas"]
[Result "0-1"]
[LiveChessVersion "1.4.8"]
[BlackElo "1627"]
[WhiteElo "1875"]

1. e4 {[%clk 1:30:54]} c5 {[%clk 1:30:50]} 2. c3 {[%clk 1:31:17]} g6
{[%clk 1:29:39]} 3. d4 {[%clk 1:31:39]} Nf6 {[%clk 1:28:29]} 4. e5
{[%clk 1:31:10]} Nh5 {[%clk 1:28:07]} 5. Be2 {[%clk 1:28:06]} Ng7
{[%clk 1:28:32]} 6. Nf3 {[%clk 1:26:09]} cxd4 {[%clk 1:26:30]} 7. cxd4
{[%clk 1:26:34]} Qb6 {[%clk 1:26:14]} 8. Nc3 {[%clk 1:26:32]} e6 {[%clk 1:25:16]}
9. O-O {[%clk 1:25:56]} a6 {[%clk 1:25:28]} 10. Ne4 {[%clk 1:22:08]} Be7
{[%clk 1:24:59]} 11. g4 {[%clk 1:06:07]} h5 {[%clk 1:18:44]} 12. Nf6+
{[%clk 1:04:32]} Kf8 {[%clk 1:18:51]} 13. g5 {[%clk 0:58:26]} d5 {[%clk 1:17:15]}
14. b3 {[%clk 0:53:59]} Nc6 {[%clk 1:17:08]} 15. Bb2 {[%clk 0:53:20]} Nf5
{[%clk 1:12:29]} 16. Rc1 {[%clk 0:52:52]} Kg7 {[%clk 1:05:56]} 17. a3
{[%clk 0:46:52]} Rd8 {[%clk 1:05:52]} 18. b4 {[%clk 0:46:39]} Bd7
{[%clk 1:04:43]} 19. Qd2 {[%clk 0:44:17]} Be8 {[%clk 1:00:35]} 20. Rfd1
{[%clk 0:42:39]} Rdc8 {[%clk 0:59:37]} 21. Qf4 {[%clk 0:37:16]} Na7
{[%clk 0:57:26]} 22. Nh4 {[%clk 0:33:59]} Nxh4 {[%clk 0:55:54]} 23. Qxh4
{[%clk 0:34:19]} Ba4 {[%clk 0:55:57]} 24. Rxc8 {[%clk 0:28:36]} Rxc8
{[%clk 0:56:25]} 25. Rc1 {[%clk 0:26:23]} Rxc1+ {[%clk 0:56:52]} 26. Bxc1
{[%clk 0:26:43]} Qc6 {[%clk 0:55:50]} 27. Qf4 {[%clk 0:22:51]} Qc2
{[%clk 0:52:10]} 28. Qe3 {[%clk 0:15:44]} Nc6 {[%clk 0:51:03]} 29. Bd3
{[%clk 0:12:18]} Qd1+ {[%clk 0:50:46]} 30. Kg2 {[%clk 0:12:27]} Nxd4
{[%clk 0:49:47]} 31. Nxh5+ {[%clk 0:07:56]} Qxh5 {[%clk 0:49:28]} 32. Qxd4
{[%clk 0:06:42]} Bxg5 {[%clk 0:49:45]} 33. Bxg5 {[%clk 0:05:33]} Qxg5+
{[%clk 0:50:13]} 34. Kh3 {[%clk 0:03:50]} Bb5 {[%clk 0:48:07]} 35. f4
{[%clk 0:02:46]} Qh5+ {[%clk 0:47:45]} 36. Kg3 {[%clk 0:03:08]} Qd1
{[%clk 0:48:06]} 37. Kh4 {[%clk 0:01:33]} Bxd3 {[%clk 0:47:54]} 38. Qf2
{[%clk 0:01:37]} Bf5 {[%clk 0:46:56]} 39. Qg3 {[%clk 0:01:53]} Qh5# 0-1

[Event "Wolrd Chess Olympiad 2018"]
[Site "Batumi"]
[Date "2018.09.30"]
[Round "6"]
[Board "3"]
[WhiteFideId "31900291"]
[White "dos Reis Tito"]
[BlackFideId "8800170"]
[Black "Lill Sami"]
[Result "0-1"]
[LiveChessVersion "1.4.8"]
[BlackElo "1844"]
[WhiteElo "1627"]

1. f4 {[%clk 1:30:55]} c5 {[%clk 1:30:56]} 2. Nf3 {[%clk 1:31:12]} g6
{[%clk 1:31:20]} 3. e3 {[%clk 1:31:12]} Bg7 {[%clk 1:31:38]} 4. c3
{[%clk 1:31:28]} b6 {[%clk 1:31:42]} 5. d4 {[%clk 1:31:42]} Nf6 {[%clk 1:31:30]}
6. Bd3 {[%clk 1:32:01]} Bb7 {[%clk 1:31:53]} 7. O-O {[%clk 1:32:07]} O-O
{[%clk 1:32:02]} 8. Nbd2 {[%clk 1:32:22]} d6 {[%clk 1:32:08]} 9. Qe2
{[%clk 1:32:37]} Nbd7 {[%clk 1:31:38]} 10. a3 {[%clk 1:32:15]} Qc7
{[%clk 1:28:13]} 11. e4 {[%clk 1:31:47]} e5 {[%clk 1:24:50]} 12. fxe5
{[%clk 1:31:49]} dxe5 {[%clk 1:23:58]} 13. d5 {[%clk 1:31:58]} Rac8
{[%clk 1:17:40]} 14. c4 {[%clk 1:30:43]} Nh5 {[%clk 1:13:34]} 15. Nb3
{[%clk 1:27:44]} Nf4 {[%clk 1:12:17]} 16. Qd1 {[%clk 1:22:26]} Nxd3
{[%clk 1:06:52]} 17. Qxd3 {[%clk 1:22:34]} Rce8 {[%clk 1:05:45]} 18. Be3
{[%clk 1:22:36]} f5 {[%clk 1:03:03]} 19. Ng5 {[%clk 1:21:17]} Qd6
{[%clk 0:56:15]} 20. exf5 {[%clk 1:20:43]} e4 {[%clk 0:48:37]} 21. Qc2
{[%clk 1:18:39]} gxf5 {[%clk 0:45:29]} 22. Ne6 {[%clk 1:17:21]} Rxe6
{[%clk 0:40:52]} 23. dxe6 {[%clk 1:17:23]} Qxe6 {[%clk 0:41:00]} 24. Bf4
{[%clk 1:17:27]} Ne5 {[%clk 0:36:55]} 25. Nd2 {[%clk 1:16:59]} Nd3
{[%clk 0:36:07]} 26. Nb3 {[%clk 1:12:55]} Nxb2 {[%clk 0:32:53]} 27. Rac1
{[%clk 1:11:40]} Nd3 {[%clk 0:31:20]} 28. Rcd1 {[%clk 1:10:33]} Rd8
{[%clk 0:28:57]} 29. Rfe1 {[%clk 1:08:10]} Qf7 {[%clk 0:27:15]} 30. Re3
{[%clk 1:07:18]} Rd7 {[%clk 0:25:09]} 31. Rdxd3 {[%clk 1:05:57]} exd3
{[%clk 0:24:45]} 32. Qf2 {[%clk 1:04:21]} Qxc4 {[%clk 0:22:54]} 33. Nd2
{[%clk 1:04:15]} Qf7 {[%clk 0:19:46]} 34. Be5 {[%clk 1:03:43]} Re7
{[%clk 0:15:11]} 35. Bxg7 {[%clk 0:58:29]} Rxe3 {[%clk 0:15:34]} 36. Qxe3
{[%clk 0:58:29]} Qxg7 {[%clk 0:15:31]} 37. Qe8+ {[%clk 0:57:42]} Qf8
{[%clk 0:15:58]} 38. Qe6+ {[%clk 0:57:25]} Qf7 {[%clk 0:16:11]} 39. Qe5
{[%clk 0:57:15]} c4 {[%clk 0:13:02]} 40. Kf2 {[%clk 1:26:33]} a6 {[%clk 0:42:09]}
41. Qg3+ {[%clk 1:25:46]} Kf8 {[%clk 0:39:11]} 42. Qd6+ {[%clk 1:23:14]} Kg7
{[%clk 0:38:55]} 43. Qxb6 {[%clk 1:23:21]} Qd5 {[%clk 0:33:41]} 44. Qc7+
{[%clk 1:20:33]} Kf8 {[%clk 0:31:50]} 45. Qb8+ {[%clk 1:17:56]} Ke7
{[%clk 0:30:30]} 46. Qc7+ {[%clk 1:17:38]} Ke8 {[%clk 0:30:36]} 47. Qg7
{[%clk 1:14:28]} c3 {[%clk 0:23:40]} 48. Qh8+ {[%clk 1:02:16]} Kd7
{[%clk 0:22:16]} 49. Qg7+ {[%clk 1:01:50]} Kd6 {[%clk 0:20:55]} 50. Qf6+
{[%clk 1:00:45]} Kd7 {[%clk 0:18:45]} 51. Qg7+ {[%clk 1:00:51]} Kc6
{[%clk 0:18:58]} 52. Qxc3+ {[%clk 1:01:00]} Qc5+ {[%clk 0:19:15]} 53. Qxc5+
{[%clk 1:00:56]} Kxc5 {[%clk 0:19:44]} 54. Ke3 {[%clk 1:00:09]} Be4
{[%clk 0:19:49]} 55. g4 {[%clk 0:59:54]} Kb5 {[%clk 0:19:34]} 56. h4
{[%clk 0:59:34]} Ka4 {[%clk 0:19:44]} 57. g5 {[%clk 0:58:38]} Kxa3
{[%clk 0:19:41]} 58. h5 {[%clk 0:58:51]} Bd5 {[%clk 0:18:54]} 59. g6
{[%clk 0:58:32]} hxg6 {[%clk 0:18:06]} 60. hxg6 {[%clk 0:58:51]} Kb4
{[%clk 0:17:45]} 61. Kxd3 {[%clk 0:57:52]} a5 {[%clk 0:17:27]} 62. Kc2
{[%clk 0:57:26]} f4 {[%clk 0:17:31]} 63. g7 {[%clk 0:57:39]} a4 {[%clk 0:17:31]}
64. Kb2 {[%clk 0:57:56]} a3+ {[%clk 0:17:42]} 65. Ka1 {[%clk 0:56:35]} Kb5
{[%clk 0:17:18]} 66. Ne4 {[%clk 0:55:56]} Kc6 {[%clk 0:16:13]} 67. Nf2
{[%clk 0:53:07]} Kc7 {[%clk 0:15:15]} 68. Kb1 {[%clk 0:52:33]} Kd8
{[%clk 0:15:16]} 69. Kc2 {[%clk 0:52:25]} Ke8 {[%clk 0:14:56]} 70. Nd3
{[%clk 0:52:25]} f3 {[%clk 0:14:27]} 71. Kd2 {[%clk 0:51:40]} a2 {[%clk 0:14:13]}
72. Nb4 {[%clk 0:50:31]} a1=Q 73. Nxd5 {[%clk 0:49:55]} Qd4+ {[%clk 0:14:08]} 0-1

[Event "Wolrd Chess Olympiad 2018"]
[Site "Batumi"]
[Date "2018.09.30"]
[Round "6"]
[Board "4"]
[WhiteFideId "8800820"]
[White "Dacres Don"]
[BlackFideId "31900348"]
[Black "Fatima Jose"]
[Result "1-0"]
[LiveChessVersion "1.4.8"]
[BlackElo "1587"]
[WhiteElo "1780"]

1. e4 {[%clk 1:30:55]} e5 {[%clk 1:30:27]} 2. Nf3 {[%clk 1:31:17]} d6
{[%clk 1:30:36]} 3. Bc4 {[%clk 1:30:37]} Bg4 {[%clk 1:30:38]} 4. Nc3
{[%clk 1:30:50]} c6 {[%clk 1:30:35]} 5. O-O {[%clk 1:30:29]} c5 {[%clk 1:30:35]}
6. d3 {[%clk 1:29:50]} h6 {[%clk 1:30:54]} 7. Nxe5 {[%clk 1:29:04]} dxe5
{[%clk 1:26:34]} 8. Qxg4 {[%clk 1:29:25]} Nf6 {[%clk 1:26:29]} 9. Qg3
{[%clk 1:26:38]} Nc6 {[%clk 1:26:08]} 10. f4 {[%clk 1:26:19]} Nh5
{[%clk 1:19:16]} 11. Qg4 {[%clk 1:25:10]} g6 {[%clk 1:15:44]} 12. f5
{[%clk 1:22:53]} Nf6 {[%clk 1:15:09]} 13. Bxf7+ {[%clk 1:18:34]} Kxf7
{[%clk 1:12:28]} 14. Qxg6+ {[%clk 1:16:54]} Ke7 {[%clk 1:12:48]} 15. Nd5+
{[%clk 1:17:02]} Qxd5 {[%clk 1:11:30]} 16. exd5 {[%clk 1:17:13]} Rg8
{[%clk 1:11:39]} 17. d6+ {[%clk 1:16:54]} Kd7 {[%clk 1:09:34]} 18. Qxf6
{[%clk 1:14:06]} Bxd6 {[%clk 1:09:51]} 19. Qf7+ {[%clk 1:10:46]} Ne7
{[%clk 1:09:36]} 20. f6 {[%clk 1:08:34]} Raf8 {[%clk 1:09:46]} 21. Qh7
{[%clk 1:08:27]} Rh8 {[%clk 1:09:57]} 22. Qe4 {[%clk 1:06:50]} Nc6
{[%clk 1:10:01]} 23. f7 {[%clk 1:05:43]} Kc7 {[%clk 1:07:44]} 24. Rf6
{[%clk 1:04:33]} Nd4 {[%clk 1:06:33]} 25. Bxh6 {[%clk 1:03:05]} Rxh6
{[%clk 1:06:37]} 26. Rxh6 {[%clk 1:03:16]} Rxf7 {[%clk 1:06:47]} 27. Rh7
{[%clk 1:03:03]} Ne2+ {[%clk 1:05:52]} 28. Kh1 {[%clk 1:03:12]} Rxh7
{[%clk 1:05:48]} 29. Qxh7+ {[%clk 1:03:26]} Kb6 30. c3 Nf4 {[%clk 1:05:16]} 31.
g3 {[%clk 1:03:01]} Nd5 {[%clk 1:05:28]} 32. Qd7 {[%clk 1:02:28]} Bc7
{[%clk 1:04:44]} 33. Qxd5 {[%clk 1:02:45]} a6 {[%clk 1:04:58]} 34. Rf1
{[%clk 1:03:02]} Ka7 {[%clk 1:05:17]} 35. Rf7 {[%clk 1:03:01]} Kb8
{[%clk 1:05:36]} 36. Rxc7 {[%clk 1:03:01]} Kxc7 {[%clk 1:05:52]} 37. Qxc5+
{[%clk 1:03:26]} Kb8 {[%clk 1:06:02]} 38. Qxe5+ {[%clk 1:03:44]} Ka7
{[%clk 1:06:12]} 39. g4 {[%clk 1:04:02]} a5 {[%clk 1:06:30]} 40. Qxa5+
{[%clk 1:04:01]} Kb8 {[%clk 1:06:44]} 41. Qd8+ {[%clk 1:34:24]} Ka7 42. g5 Ka6
{[%clk 1:36:40]} 43. g6 {[%clk 1:34:40]} Ka7 {[%clk 1:36:53]} 44. g7
{[%clk 1:35:08]} Ka6 45. g8=Q Kb5 {[%clk 1:32:26]} 46. Qc4# 1-0

[Event "Wolrd Chess Olympiad 2018"]
[Site "Batumi"]
[Date "2018.09.30"]
[Round "6"]
[Board "1"]
[WhiteFideId "9100024"]
[White "Fancy Stuart"]
[BlackFideId "15900711"]
[Black "Tromp Hubert Randolf"]
[Result "1-0"]
[LiveChessVersion "1.4.8"]
[BlackElo "1674"]
[WhiteElo "1950"]

1. e4 {[%clk 1:30:57]} c5 {[%clk 1:30:08]} 2. c4 {[%clk 1:30:56]} g6
{[%clk 1:30:21]} 3. g3 {[%clk 1:31:12]} Nc6 {[%clk 1:29:38]} 4. Bg2
{[%clk 1:31:34]} Bg7 {[%clk 1:29:08]} 5. Ne2 {[%clk 1:31:47]} d6 {[%clk 1:24:35]}
6. Nbc3 {[%clk 1:32:01]} e6 {[%clk 1:22:02]} 7. d3 {[%clk 1:30:56]} Nge7
{[%clk 1:22:19]} 8. Be3 {[%clk 1:31:03]} Rb8 {[%clk 1:21:46]} 9. Qd2
{[%clk 1:31:24]} a6 {[%clk 1:18:38]} 10. Bh6 {[%clk 1:30:45]} O-O
{[%clk 1:15:11]} 11. h4 {[%clk 1:30:32]} d5 {[%clk 1:11:15]} 12. Bxg7
{[%clk 1:29:09]} Kxg7 {[%clk 1:08:50]} 13. h5 {[%clk 1:27:43]} Kh8
{[%clk 1:07:36]} 14. cxd5 {[%clk 1:25:57]} exd5 {[%clk 1:05:56]} 15. Nxd5
{[%clk 1:14:50]} Nxd5 {[%clk 1:05:46]} 16. exd5 {[%clk 1:15:13]} Nd4
{[%clk 1:05:59]} 17. Nxd4 {[%clk 1:15:02]} cxd4 {[%clk 1:05:33]} 18. Qf4
{[%clk 1:14:51]} Qa5+ {[%clk 1:05:08]} 19. Kf1 {[%clk 1:14:48]} Bf5
{[%clk 1:05:35]} 20. Qxd4+ {[%clk 1:13:14]} f6 {[%clk 1:03:54]} 21. g4
{[%clk 1:13:46]} Bxd3+ {[%clk 0:49:44]} 22. Qxd3 {[%clk 1:14:07]} g5
{[%clk 0:49:56]} 23. Rh3 {[%clk 1:12:40]} Rbe8 {[%clk 0:46:06]} 24. Re3
{[%clk 1:11:35]} Qb6 {[%clk 0:44:22]} 25. Rae1 {[%clk 1:11:27]} Rxe3
{[%clk 0:38:28]} 26. Qxe3 {[%clk 1:11:30]} Qxe3 {[%clk 0:38:41]} 27. Rxe3
{[%clk 1:11:55]} Kg7 {[%clk 0:39:03]} 28. Re7+ {[%clk 1:12:17]} Rf7
{[%clk 0:39:30]} 29. d6 {[%clk 1:11:57]} 1-0

[Event "Wolrd Chess Olympiad 2018"]
[Site "Batumi"]
[Date "2018.09.30"]
[Round "6"]
[Board "2"]
[WhiteFideId "1007220"]
[White "Croes Octavio"]
[BlackFideId "9100075"]
[Black "Press Shaun"]
[Result "1/2-1/2"]
[LiveChessVersion "1.4.8"]
[BlackElo "1935"]
[WhiteElo "1805"]

1. d4 {[%clk 1:30:57]} d5 {[%clk 1:30:56]} 2. Nf3 {[%clk 1:31:21]} Nf6
{[%clk 1:31:17]} 3. c4 {[%clk 1:31:44]} dxc4 {[%clk 1:31:42]} 4. g3
{[%clk 1:32:08]} a6 {[%clk 1:31:27]} 5. Bg2 {[%clk 1:32:33]} Nc6 {[%clk 1:26:12]}
6. O-O {[%clk 1:32:55]} e6 {[%clk 1:21:05]} 7. e3 {[%clk 1:32:22]} Bd6
{[%clk 1:14:50]} 8. Qe2 {[%clk 1:31:21]} O-O {[%clk 1:11:04]} 9. Qxc4
{[%clk 1:31:32]} e5 {[%clk 1:07:31]} 10. Rd1 {[%clk 1:16:24]} exd4
{[%clk 1:01:02]} 11. Nxd4 {[%clk 1:16:31]} Nxd4 {[%clk 0:55:42]} 12. Rxd4
{[%clk 1:16:34]} Qe7 {[%clk 0:55:49]} 13. Nc3 {[%clk 1:12:41]} Rb8
{[%clk 0:50:22]} 14. e4 {[%clk 1:02:29]} Bc5 {[%clk 0:48:14]} 15. Nd5
{[%clk 1:01:33]} Nxd5 {[%clk 0:47:50]} 16. Rxd5 {[%clk 1:01:52]} Bb6
{[%clk 0:46:35]} 17. Bg5 {[%clk 0:53:09]} Qe8 {[%clk 0:42:03]} 18. Qc3
{[%clk 0:49:08]} Be6 {[%clk 0:40:25]} 19. Rd2 {[%clk 0:43:14]} Qb5
{[%clk 0:39:56]} 20. Be7 {[%clk 0:42:11]} Rfe8 {[%clk 0:39:24]} 21. Bf1
{[%clk 0:31:06]} Qh5 {[%clk 0:37:07]} 22. Bb4 {[%clk 0:26:42]} Rbd8
{[%clk 0:29:37]} 23. Rc1 {[%clk 0:19:31]} c6 {[%clk 0:25:17]} 24. b3
{[%clk 0:16:20]} Rxd2 {[%clk 0:24:30]} 25. Qxd2 {[%clk 0:16:44]} Rd8
{[%clk 0:24:47]} 26. Qf4 {[%clk 0:15:54]} Qg4 {[%clk 0:21:23]} 27. Qxg4
{[%clk 0:14:53]} Bxg4 {[%clk 0:21:49]} 28. Kg2 {[%clk 0:15:15]} Be6
{[%clk 0:19:52]} 29. Bc3 {[%clk 0:14:14]} f6 {[%clk 0:19:33]} 30. Be2
{[%clk 0:13:57]} a5 {[%clk 0:17:49]} 31. Rd1 {[%clk 0:14:11]} 1/2-1/2

[Event "Wolrd Chess Olympiad 2018"]
[Site "Batumi"]
[Date "2018.09.30"]
[Round "6"]
[Board "3"]
[WhiteFideId "9100032"]
[White "Marko Helmut"]
[BlackFideId "15900037"]
[Black "Pesqueira Jose"]
[Result "0-1"]
[LiveChessVersion "1.4.8"]
[BlackElo "1801"]
[WhiteElo "1902"]

1. d4 {[%clk 1:30:49]} Nf6 {[%clk 1:30:53]} 2. g3 {[%clk 1:30:48]} d5
{[%clk 1:30:29]} 3. Bg2 {[%clk 1:30:45]} e6 {[%clk 1:30:22]} 4. Nf3
{[%clk 1:30:39]} Be7 {[%clk 1:28:57]} 5. O-O {[%clk 1:30:26]} O-O
{[%clk 1:29:12]} 6. b3 {[%clk 1:26:31]} c6 {[%clk 1:28:15]} 7. c4
{[%clk 1:24:52]} b6 {[%clk 1:22:46]} 8. Ba3 {[%clk 1:22:10]} Bb7 {[%clk 1:18:44]}
9. Bxe7 {[%clk 1:22:14]} Qxe7 {[%clk 1:19:11]} 10. Nbd2 {[%clk 1:18:21]} Na6
{[%clk 1:14:10]} 11. a3 {[%clk 1:17:39]} Rfd8 {[%clk 1:09:23]} 12. e3
{[%clk 1:13:22]} dxc4 {[%clk 0:44:55]} 13. bxc4 {[%clk 1:09:11]} c5
{[%clk 0:40:17]} 14. Qc2 {[%clk 0:58:51]} Rac8 {[%clk 0:39:16]} 15. Rfc1
{[%clk 0:57:20]} h6 {[%clk 0:30:05]} 16. Qa4 {[%clk 0:52:37]} Qd7
{[%clk 0:20:57]} 17. Qb3 {[%clk 0:48:38]} Qe7 {[%clk 0:15:08]} 18. Qa4
{[%clk 0:45:01]} Qd7 {[%clk 0:15:12]} 19. Qb3 {[%clk 0:43:27]} Qe7
{[%clk 0:15:40]} 20. Qa4 {[%clk 0:37:59]} Qd7 {[%clk 0:16:04]} 21. Qb3
{[%clk 0:37:17]} Qe7 {[%clk 0:16:19]} 22. h3 {[%clk 0:33:23]} Ne4
{[%clk 0:13:53]} 23. Rd1 {[%clk 0:31:46]} Nxd2 {[%clk 0:13:33]} 24. Rxd2
{[%clk 0:31:54]} Qf6 {[%clk 0:09:11]} 25. Ne5 {[%clk 0:30:29]} Bxg2
{[%clk 0:09:04]} 26. Kxg2 {[%clk 0:30:55]} cxd4 {[%clk 0:08:37]} 27. Ng4
{[%clk 0:30:00]} Qf5 {[%clk 0:05:53]} 28. Rxd4 {[%clk 0:29:49]} Rxd4
{[%clk 0:05:59]} 29. exd4 {[%clk 0:30:13]} Qe4+ {[%clk 0:06:11]} 30. Kg1
{[%clk 0:28:57]} Qxd4 {[%clk 0:06:35]} 31. Rd1 {[%clk 0:28:23]} Qxc4
{[%clk 0:06:20]} 32. Qf3 {[%clk 0:28:18]} Qc6 {[%clk 0:02:55]} 33. Qf4
{[%clk 0:27:21]} Nc5 {[%clk 0:02:26]} 34. Ne5 {[%clk 0:26:55]} Qc7
{[%clk 0:02:36]} 35. Rd7 {[%clk 0:26:42]} Nxd7 {[%clk 0:01:25]} 36. Qxf7+
{[%clk 0:27:01]} Kh7 {[%clk 0:00:53]} 37. Nxd7 {[%clk 0:27:06]} Qc1+
{[%clk 0:00:58]} 38. Kh2 {[%clk 0:26:33]} Qc3 {[%clk 0:00:36]} 39. Nf8+
{[%clk 0:25:45]} Rxf8 {[%clk 0:00:49]} 40. Qxf8 {[%clk 0:56:13]} Qc5
{[%clk 0:30:41]} 41. Qf7 {[%clk 0:56:12]} Qf5 {[%clk 0:24:23]} 42. Qxa7
{[%clk 0:51:13]} Qxf2+ {[%clk 0:24:49]} 43. Kh1 {[%clk 0:51:36]} Qxg3
{[%clk 0:23:52]} 44. Qxb6 {[%clk 0:51:19]} Qxh3+ {[%clk 0:24:04]} 45. Kg1
{[%clk 0:51:40]} Qxa3 {[%clk 0:23:46]} 46. Qxe6 {[%clk 0:51:58]} Qg3+
{[%clk 0:23:06]} 47. Kh1 {[%clk 0:51:42]} Qh4+ {[%clk 0:22:46]} 48. Kg2
{[%clk 0:50:02]} Qg5+ {[%clk 0:23:13]} 49. Kh2 {[%clk 0:49:59]} Qh5+
{[%clk 0:23:39]} 50. Kg3 {[%clk 0:49:16]} Qg6+ 0-1